<?xml version="1.0" encoding="UTF-8"?>
<record
    xmlns:xsi="http://www.w3.org/2001/XMLSchema-instance"
    xsi:schemaLocation="http://www.loc.gov/MARC21/slim http://www.loc.gov/standards/marcxml/schema/MARC21slim.xsd"
    xmlns="http://www.loc.gov/MARC21/slim">

  <leader>01332nam a2200193 a 4500</leader>
  <controlfield tag="008">      t2004    ag  |||g |||| 000 0 spa d</controlfield>
  <datafield tag="041" ind1=" " ind2=" ">
    <subfield code="a">spa</subfield>
  </datafield>
  <datafield tag="092" ind1=" " ind2=" ">
    <subfield code="c">808.8</subfield>
    <subfield code="l">91</subfield>
    <subfield code="s">VAR</subfield>
  </datafield>
  <datafield tag="100" ind1="1" ind2=" ">
    <subfield code="a">Vargas Llosa, Mario</subfield>
    <subfield code="9">3303</subfield>
  </datafield>
  <datafield tag="245" ind1=" " ind2=" ">
    <subfield code="a">Pantale&#xF3;n y las visitadoras /</subfield>
    <subfield code="c">Mario Vargas Llosa</subfield>
  </datafield>
  <datafield tag="250" ind1=" " ind2=" ">
    <subfield code="a">1a ed.</subfield>
  </datafield>
  <datafield tag="260" ind1=" " ind2=" ">
    <subfield code="a">Buenos Aires:</subfield>
    <subfield code="b">Suma de Letras Argentinas;</subfield>
    <subfield code="c">2004.</subfield>
  </datafield>
  <datafield tag="300" ind1=" " ind2=" ">
    <subfield code="a">392 p.</subfield>
    <subfield code="c">18x11 cm.</subfield>
  </datafield>
  <datafield tag="500" ind1=" " ind2=" ">
    <subfield code="a">Vargas Llosa, M. (2004). Pantale&#xF3;n y las visitadoras. (1a ed.). Buenos Aires : Suma de Letras Argentinas.</subfield>
  </datafield>
  <datafield tag="505" ind1=" " ind2=" ">
    <subfield code="a">Pantale&#xF3;n Pantoja, un capit&#xE1;n del Ejercito recientemente ascendido, recibe la misi&#xF3;n de establecer un servicio de prostituci&#xF3;n para las Fuerzas Armadas del Per&#xFA; en el m&#xE1;s absoluto secreto militar. Estricto cumplidor del deber que le ha sido designado. Pantale&#xF3;n se traslada a Iquitos, en plena selva, para llevar a cabo su cometido, pero se entrega a esta misi&#xF3;n con tal obcecaci&#xF3;n que termina por poner en peligro el engranaje que &#xE9;l mismo ha puesto en movimiento. Esta novela, publicada en 1973 y llevada posteriormente al cine, subraya la hipocres&#xED;a de las instituciones que se llaman ejemplares en relaci&#xF3;n con el oficio m&#xE1;s viejo del mundo.</subfield>
  </datafield>
  <datafield tag="590" ind1=" " ind2=" ">
    <subfield code="a">Proyecto Literatura 4to libro. Donaci&#xF3;n Quadrini, Liliana. Septiembre 2017</subfield>
  </datafield>
  <datafield tag="655" ind1=" " ind2=" ">
    <subfield code="a">Novela</subfield>
    <subfield code="9">3091</subfield>
  </datafield>
  <datafield tag="942" ind1=" " ind2=" ">
    <subfield code="2">ddc</subfield>
    <subfield code="c">LIT</subfield>
  </datafield>
  <datafield tag="999" ind1=" " ind2=" ">
    <subfield code="c">2470</subfield>
    <subfield code="d">2470</subfield>
  </datafield>
  <datafield tag="952" ind1=" " ind2=" ">
    <subfield code="0">0</subfield>
    <subfield code="1">0</subfield>
    <subfield code="2">ddc</subfield>
    <subfield code="4">0</subfield>
    <subfield code="7">0</subfield>
    <subfield code="a">BFM</subfield>
    <subfield code="b">BFM</subfield>
    <subfield code="c">CR</subfield>
    <subfield code="d">2017-09-26</subfield>
    <subfield code="e">Donaci&#xF3;n Quadrini, Liliana. Septiembre 2017</subfield>
    <subfield code="l">0</subfield>
    <subfield code="o">808.8 91 VAR</subfield>
    <subfield code="p">3935</subfield>
    <subfield code="r">2017-09-26</subfield>
    <subfield code="t">Ej.1</subfield>
    <subfield code="w">2017-09-26</subfield>
    <subfield code="y">LIT</subfield>
    <subfield code="z">Proyecto 4to Libro. Donaci&#xF3;n Quadrini, Liliana. Septiembre 2017</subfield>
  </datafield>
</record>
